000 00341nam a2200145Ia 4500
008 230718s9999 xx 000 0 und d
041 _aEng.
082 _a340
_bJAV-P
100 _aJaved, Malik. M (ed)
245 0 _aP.L.D (2004)
260 _aPakistan
_bAll Palastan legal decision
_c2007
300 _a735
650 _aLaw
999 _c27132
_d27132